000 01118nam a22002057a 4500
003 OSt
005 20260406094625.0
008 260406b |||||||| |||| 00| 0 esp d
082 _2 9586771229
100 _aZamora Editores.
245 _aBiblioteca Práctica de Consulta del Nuevo Milenio Física
250 _avolumen 8
260 _aBogotá, Colombia
_b Zamora Editores.
_c2000-2001
300 _a252 páginas.
_c 21 x 14 cm.
490 _3Tapa rústica de cartulina con acabado plastificado brillante
520 _aMecánica: Cinemática (movimiento), dinámica (fuerzas), leyes de Newton, trabajo, potencia y energía. Termodinámica: Calor, temperatura y las leyes de los gases. Electricidad y Magnetismo: Cargas eléctricas, circuitos, corrientes y magnetismo. Óptica y Acústica: El comportamiento de la luz (reflexión, refracción) y las propiedades del sonido. Física Moderna: Breve introducción a la estructura atómica y energía nuclear.
650 _aFísica.
_vProblemas, ejercicios, etc. / Estudio y enseñanza.
_ySiglo XXI.
_zSiglo XXI.
700 _aZamora Editores
942 _2ddc
_cBKA
_n0
999 _c2043
_d2043